Rückblick 2023 - Länder zuordnen (Europa) - Statistiken

Allgemein
  • Dieses Quiz wurde 411 mal gespielt
  • Das Durchschnittsergebnis liegt bei 10 aus 15
Antwortstatistiken
Hint Antwort % Korrekt
Charles III. wird zum König gekrönt. Vereinigtes Königreich
100%
Eine Gegenoffensive wird gestartet, um im Vorjahr verlorene Gebiete zurückzugewinnen. Ukraine
90%
Dieses Land schaltet seine letzten Atomreaktoren ab. Deutschland
81%
Schwere Waldbrände verbrennen über 174.000 Hektar Land. Griechenland
79%
Ein Fußballfunktionär tritt nach einem Eklat bei der Fußball-WM der Frauen zurück. Spanien
79%
Die "Partei für die Freiheit" von Geert Wilders gewinnt bei den Parlamentswahlen die meisten Sitze. Niederlande
71%
Dieses Land tritt der NATO bei. Finnland
70%
Eine paramilitärische Gruppe beginnt einen Aufstand gegen die Regierung, der jedoch schnell gestoppt wird. Russland
66%
Im längsten Eisenbahntunnel der Welt entgleist ein Güterzug, was zur zweiwöchigen Sperrung des Tunnels führt. Schweiz
64%
Dieses Land tritt dem Euro- und Schengenraum bei. Kroatien
56%
Donald Tusk von der "Bürgerplattform" wird Ministerpräsident. Polen
50%
Der ehemalige NATO-General Petr Pavel gewinnt die zweite Runde der Präsidentschaftswahl mit 58,3 % der abgegebenen Stimmen Tschechien
49%
Erstmals bei der Parlamentswahl geben mehr Wähler ihre Stimme online ab als in der Wahlkabine. Estland
43%
Die die linksnationalistische Smer, die Mitte-Links-Partei Hlas und die rechtsextreme SNS einigen sich nach der Nationalratswahl auf eine Koalition. Slowakei
31%
Bei den Leichtathletik-Weltmeisterschaften erringt das Austragungsland als einzige Medaille Bronze im Hammerwurf. Ungarn
29%
Keine übereinstimmenden Quizze gefunden
Verteilung der Resultate
Anzahl Personen mit jedem Resultat
Perzentil nach korrekt beantworteten Fragen
Ihre Resultats-Entwicklung
Sie haben dieses Quiz noch nicht gespielt